La crisis global: viejas y nuevas contradicciones /
Guardat en:
| Autor principal: | |
|---|---|
| Format: | Text |
| Etiquetes: |
Afegir etiqueta
Sense etiquetes, Sigues el primer a etiquetar aquest registre!
|
MARC
| LEADER | 00000 a a2200000 04500 | ||
|---|---|---|---|
| 001 | 46411 | ||
| 003 | |||
| 040 | |||
| 100 | |a Figueroa Sepúlveda, Víctor M. | ||
| 245 | |a La crisis global: |b viejas y nuevas contradicciones / |c Víctor M. Figueroa Sepúlveda | ||
| 773 | |g volumen41, número161 ( , 2010), páginas 193-211 | ||
| 999 | |c 40152 |d 40152 | ||
